Ethics in marketing

Αποθηκεύτηκε σε:
Λεπτομέρειες βιβλιογραφικής εγγραφής
Κύριος συγγραφέας: Smith, Craig N. 1958-
Άλλοι συγγραφείς: Quelch, John A.
Μορφή: Βιβλίο
Γλώσσα:English
Δημοσίευση: New York : McGraw-Hill Companies, 1996
Θέματα:
Ετικέτες: Προσθήκη ετικέτας
Δεν υπάρχουν, Καταχωρήστε ετικέτα πρώτοι!

MARC

LEADER 00000nam a2200000 i 4500
001 1/69840
008 080110s1996 eng d
020 |a 0-256-25903-8 
035 |l 10093522 
040 |a GR-MY-UA  |b gre  |e aacr 
041 0 |a eng 
082 0 |a 174.4  |2 (22) 
100 1 |a Smith, Craig N.  |d 1958- 
245 1 0 |a Ethics in marketing /  |c N. Craig Smith, John A. Quelch 
260 |a New York :   |b McGraw-Hill Companies,   |c 1996 
300 |a 838 σ.;  |c 24 εκ. 
504 |a Βιβλιογραφία: σ. 809-820. Ευρετήριο 
650 0 0 |a Marketing. 
650 0 0 |a Business ethics. 
700 1 |a Quelch, John A. 
852 |a INST  |b CHIOS  |e 20080110  |h 174.4 SMI  |p 005200028262  |q 005200028262  |t BK  |y 0 
901 |a BIBL2-2008-1 
909 |a Χ  |b 140504 
922 |a 2ΕΛΗ  |b 200711  |c ΕΠΕΑΕΚ2/ΤΔΕ  |d ΕΛΕΥΘΕΡΟΥΔΑΚΗΣ 
970 |a ΑΤΣΑΛΗ  |b ΔΕΣΠΟΙΝΑ  |z 2008/01/10